| 000 | 00830nam a2200217 4500 | ||
|---|---|---|---|
| 999 |
_c181045 _d181045 |
||
| 005 | 20210826170153.0 | ||
| 010 | _aB-741407 | ||
| 020 |
_a9789384285333 _c320.00 |
||
| 035 | _aB-741407 | ||
| 037 | _bGift | ||
| 082 | _a658.1511 | ||
| 100 | _aMaheshwari S.N. | ||
| 245 |
_aManegement accounting: _bprinciples & practice [for B.Com.(Hons.) vth Semester and III year of Delhi University ] / _cby S. N. Maheshwari ; Sharad K. Maheshwari [and] S.N. Mittal |
||
| 260 |
_aDelhi _bShree Mahavir Book Depot _c2016 |
||
| 270 |
_a2603,Nai Sarak, _bDelhi _e110006 |
||
| 300 |
_a397-P.78p. _c24cm(pbk |
||
| 700 | _aMaheshwari ,Sharad K. | ||
| 700 | _aMittal ,S.N. | ||
| 942 |
_2ddc _cEN _h658.1511 _mMAH |
||